| 000 | 01785nam a2200361 a 4500 | ||
|---|---|---|---|
| 003 | EG-GiCUC | ||
| 005 | 20250223025603.0 | ||
| 008 | 090422s2008 ua dh f m 000 0 eng d | ||
| 040 |
_aEG-GiCUC _beng _cEG-GiCUC |
||
| 041 | 0 | _aeng. | |
| 049 | _aDeposite | ||
| 097 | _aM.Sc. | ||
| 099 | _aCai01.12.05.M.Sc.2008.Am.B | ||
| 100 | 0 | _aAmany Ahmed Hassabo Anise | |
| 245 | 1 | 0 |
_aB-1,3 and B-1,4 glucanases from stereptomyces species as a potential biocontrol agent against some plant pathogenic fungi / _cAmany Ahmed Hassabo Anise ; Supervised Zeinat Kameil Mohamed , Mohsen Helmy Selim , Nagwa Mohamed Morsy |
| 246 | 1 | 5 | _aانزيمات بيتا 1-3:1-4 جلوكانيزس من بعض عزلات الاستربتوميسس كوسيلة للمقاومة البيولوجية لبعض الفطريات الممرضة للنبات |
| 260 |
_aCairo : _bAmany Ahmed Hassabo Anise , _c2008 |
||
| 300 |
_a144Leaves : _bcharts , facsimiles ; _c30cm |
||
| 502 | _aThesis (M.Sc.) - Cairo University - Faculty of Science - Department of Botany-Microbiology | ||
| 520 | _aThe present study aimed to screen the antagonistic streptomyces species for their abilities to produce fungal cell well lytic enzymes namely B1,3 and B1,4 glucanases and use the most promising strain as a potential biocontrol agent against some plant pathogenic fungi | ||
| 530 | _aIssued also as CD | ||
| 653 | 4 | _aB-1,3 and B-1,4 glucanases | |
| 653 | 4 | _aBiological control | |
| 653 | 4 | _aStreptomycetes | |
| 700 | 0 |
_aMohsen Helmy Selim , _eSupervisor |
|
| 700 | 0 |
_aNagwa Mohamed Morsy , _eSupervisor |
|
| 700 | 0 |
_aZeinat Kameil Mohamed , _eSupervisor |
|
| 856 | _uhttp://172.23.153.220/th.pdf | ||
| 902 | _a1 | ||
| 905 |
_aNazla _eRevisor |
||
| 905 |
_aSoheir _eCataloger |
||
| 942 |
_2ddc _cTH |
||
| 999 |
_c16175 _d16175 |
||